000 01430nam a2200313 i 4500
003 EG-GICUC
005 20260121101327.0
008 260121s2004 ua ||||fr|||| 00| 0 ara d
040 _a EG-GICUC
_bara
_c EG-GICUC
_d EG-GICUC
_erda
041 1 _aara
082 0 4 _221
_a352.106
_bع ف . د
092 0 4 _221
099 _aLaw1 09 352.106 ع ف . د 2004
100 0 _aعفاف محمد أبو العينين الباز
_eمؤلف.
245 1 0 _aالدولة في عالم متغير :
_bاوراق المكون الإداري من المشروع البحثي المشترك /
_cدكتور عفاف محمد أبو العينين الباز
264 1 _aالقاهرة:
_bمركز البحوث و الدراسات الاقتصادية و المالية،
_c2004
300 _a37؛ صفحة
_c24 سم
336 _2rda content
_atext
337 _2rda media
_aComputer
338 _2rda carrier
_aOnline Resource
490 _aتقييم الأداء المؤسسي للمنظمات الحكومية المصرية كمدخل للتطوير الإداري
_v6
504 _a. 36-34ببليوجرافيا: صفحات.
546 _aالنص أغلبه باللغة العربية بعض النصوص الإنجليزية والفرنسية
650 1 _aالإدارة العامة
_2qrmak
651 1 _2qrmak
856 4 0 _uhttps://fll.law.cu.edu.eg/fulltext/bks/B09-00120.pdf
905 _a74
942 _2ddc
_n0
_cBK
_e21
999 _c58314
_d58314